[Event "BCF-chT2 1617 (4NCL) Demotion pool"]
[Site "England"]
[Date "2017.03.05"]
[Round "8.67"]
[White "Shaw, Peter"]
[Black "Keen, Cosima C"]
[Result "1-0"]
[WhiteElo "2083"]
[BlackElo "1848"]
[PlyCount "45"]
[EventDate "2016.11.19"]
[EventType "team-tourn"]
[EventRounds "11"]
[EventCountry "ENG"]
[SourceTitle "EXT 2019"]
[Source "ChessBase"]
[SourceDate "2018.10.10"]
[SourceVersion "1"]
[SourceVersionDate "2018.10.10"]
[SourceQuality "1"]
[WhiteTeam "White Rose II"]
[BlackTeam "Barbican Youth"]
[WhiteTeamCountry "ENG"]
[BlackTeamCountry "ENG"]

1. d4 d5 2. c4 e6 3. Nc3 Nf6 4. Bg5 Be7 5. e3 0-0 6. Nf3 Nbd7 7. Qc2 Re8 8. Rd1 b6 9. cxd5 exd5 10. Be2 Bb7 11. 0-0 Rc8 12. Qf5 Nf8 13. Ne5 g6 14. Qh3 Ne6 15. f4 Nd7 16. Nxf7 Kxf7 17. Qxh7+ Ng7 18. f5 Bxg5 19. fxg6+ Ke6 20. Qh3+ Kd6 21. Nb5+ Kc6 22. Nxa7+ Kd6 23. Qg3+ 1-0

[Event "London Classic Super rapid 8th"]
[Site "London"]
[Date "2016.12.17"]
[Round "1"]
[White "Keen, Cosima C"]
[Black "McShane, Luke J"]
[Result "0-1"]
[WhiteElo "1844"]
[BlackElo "2652"]
[PlyCount "66"]
[EventDate "2016.12.17"]
[EventType "swiss (rapid)"]
[EventRounds "10"]
[EventCountry "ENG"]
[SourceTitle "CBM 176 Extra"]
[Source "ChessBase"]
[SourceDate "2017.03.02"]
[SourceVersion "1"]
[SourceVersionDate "2017.03.02"]
[SourceQuality "1"]

1. d4 Nf6 2. Nf3 g6 3. Bf4 Bg7 4. e3 0-0 5. Be2 d6 6. h3 Nc6 7. Bh2 e5 8. 0-0 Qe7 9. Re1 Ne4 10. d5 Nb8 11. Bd3 Nc5 12. e4 f5 13. Nc3 f4 14. b4 Ncd7 15. Na4 g5 16. Nd2 Nf6 17. c4 g4 18. h4 Nh5 19. g3 Bf6 20. Be2 Bxh4 21. Bxg4 fxg3 22. fxg3 Bxg3 23. Bxg3 Qg5 24. Qb3 Bxg4 25. Nf1 Rf3 26. Re3 Nxg3 27. Rxf3 Ne2+ 28. Kf2 Nd4 29. Qe3 Nxf3 30. Qxg5+ Nxg5 31. Nh2 Nxe4+ 32. Ke3 Nf6 33. Rg1 h5 0-1

[Event "Helsingor Xtracon op"]
[Site "Helsingor"]
[Date "2016.07.30"]
[Round "9"]
[White "Weber, Samuel"]
[Black "Keen, Cosima C"]
[Result "1-0"]
[WhiteElo "2031"]
[BlackElo "1918"]
[PlyCount "64"]
[EventDate "2016.07.23"]
[EventType "swiss"]
[EventRounds "10"]
[EventCountry "DEN"]
[SourceTitle "CBM 173 Extra"]
[Source "ChessBase"]
[SourceDate "2016.08.29"]
[SourceVersion "1"]
[SourceVersionDate "2016.08.29"]
[SourceQuality "1"]

1. e4 c6 2. d3 d5 3. Nd2 e5 4. Ngf3 Qc7 5. g3 Bd6 6. Bg2 Nf6 7. 0-0 0-0 8. b3 a5 9. a4 Nbd7 10. Re1 dxe4 11. dxe4 b5 12. Bb2 Ba6 13. Nf1 Bc5 14. N3d2 Nb6 15. Bc3 b4 16. Bb2 Rfd8 17. Qf3 Bd4 18. Bxd4 Rxd4 19. Qf5 Bxf1 20. Nxf1 Rad8 21. f4 Nbd7 22. Rad1 c5 23. Ne3 g6 24. Qg5 exf4 25. gxf4 Re8 26. e5 Nh5 27. Nd5 Qd8 28. Qxd8 Rxd8 29. Ne7+ Kf8 30. Nc6 Rxd1 31. Rxd1 Rc8 32. Rxd7 Rxc6 1-0

[Event "Helsingor Xtracon op"]
[Site "Helsingor"]
[Date "2016.07.28"]
[Round "7"]
[White "Gjare, Vidar"]
[Black "Keen, Cosima C"]
[Result "0-1"]
[WhiteElo "1646"]
[BlackElo "1918"]
[PlyCount "82"]
[EventDate "2016.07.23"]
[EventType "swiss"]
[EventRounds "10"]
[EventCountry "DEN"]
[SourceTitle "CBM 173 Extra"]
[Source "ChessBase"]
[SourceDate "2016.08.29"]
[SourceVersion "1"]
[SourceVersionDate "2016.08.29"]
[SourceQuality "1"]

1. e4 c6 2. c4 d5 3. exd5 cxd5 4. d4 Nf6 5. Nc3 e6 6. Nf3 Be7 7. Be2 0-0 8. 0-0 a6 9. b3 Nc6 10. Bb2 b6 11. cxd5 exd5 12. Qc2 Nb4 13. Qb1 g6 14. a3 Bf5 15. Qd1 Nc6 16. Ne5 Bd6 17. g4 Bc2 18. Qd2 Bxb3 19. Qe3 Na5 20. f4 Nc4 21. Bxc4 Bxc4 22. Rf3 Re8 23. f5 Bf8 24. fxg6 fxg6 25. Qg5 Bg7 26. Qf4 Qe7 27. Re1 b5 28. Ree3 Qf8 29. h4 a5 30. h5 gxh5 31. gxh5 Ra7 32. Qg5 Kh8 33. Ng6+ hxg6 34. Rxe8 Qxe8 35. h6 Bxh6 36. Qxf6+ Bg7 37. Qh4+ Kg8 38. Qf4 Re7 39. Kg2 b4 40. axb4 axb4 41. Na4 Qxa4 0-1

[Event "ENG-ch (Women)"]
[Site "West Bromwich"]
[Date "2016.07.17"]
[Round "4"]
[White "Keen, Cosima C"]
[Black "Grigoryan, Meri"]
[Result "0-1"]
[WhiteElo "1918"]
[BlackElo "1996"]
[PlyCount "58"]
[EventDate "2016.07.15"]
[EventType "tourn"]
[EventRounds "5"]
[EventCountry "ENG"]
[SourceTitle "CBM 173 Extra"]
[Source "ChessBase"]
[SourceDate "2016.08.29"]
[SourceVersion "1"]
[SourceVersionDate "2016.08.29"]
[SourceQuality "1"]

1. d4 d5 2. Nf3 c5 3. c3 e6 4. Bf4 Nc6 5. e3 Nf6 6. Bd3 Qb6 7. Qb3 c4 8. Qxb6 axb6 9. Bc2 b5 10. 0-0 Nh5 11. Bg3 Nxg3 12. fxg3 Be7 13. Nbd2 0-0 14. a3 f5 15. Rfb1 Ra7 16. b4 Bd7 17. Rb2 g5 18. Kh1 g4 19. Ng1 Rfa8 20. Rba2 Bxb4 21. cxb4 Nxb4 22. Rb2 Nxc2 23. Rxc2 Rxa3 24. Rxa3 Rxa3 25. Nb1 Rb3 26. Nc3 b4 27. Na2 Rb1 28. Re2 b3 29. Nc3 Rc1 0-1

[Event "ENG-ch (Women)"]
[Site "West Bromwich"]
[Date "2016.07.15"]
[Round "1"]
[White "Keen, Cosima C"]
[Black "Longson, Sarah N"]
[Result "0-1"]
[WhiteElo "1918"]
[BlackElo "2117"]
[PlyCount "90"]
[EventDate "2016.07.15"]
[EventType "tourn"]
[EventRounds "5"]
[EventCountry "ENG"]
[SourceTitle "CBM 173 Extra"]
[Source "ChessBase"]
[SourceDate "2016.08.29"]
[SourceVersion "1"]
[SourceVersionDate "2016.08.29"]
[SourceQuality "1"]

1. e4 e5 2. Nf3 Nc6 3. Bc4 Nf6 4. d3 Bc5 5. c3 d6 6. Bb3 0-0 7. Bg5 h6 8. Bh4 Be6 9. Bc2 Bb6 10. Nbd2 Nb8 11. h3 c5 12. Nf1 Nbd7 13. g4 d5 14. g5 hxg5 15. Nxg5 d4 16. Ng3 dxc3 17. b3 Qc8 18. Rg1 Bd8 19. Ne2 Ne8 20. f4 Bxg5 21. Bxg5 f6 22. Bh4 exf4 23. Nxf4 Ne5 24. b4 Bf7 25. bxc5 Qxc5 26. Bf2 Qc7 27. d4 Rd8 28. Qe2 Nc6 29. Ng6 Bxg6 30. Rxg6 Na5 31. Bg3 Qf7 32. e5 f5 33. Rg5 Qd5 34. Bf2 Qh1+ 35. Rg1 Qxh3 36. e6 Rf6 37. 0-0-0 Qh6+ 38. Be3 Rxe6 39. Rd3 f4 40. Qg4 fxe3 41. Kb1 e2 42. Rxc3 e1Q+ 43. Rxe1 Rxe1+ 44. Bd1 Qd2 45. Rc1 Nc4 0-1

[Event "BCF-chT2c 1516 (4NCL)"]
[Site "England"]
[Date "2016.04.30"]
[Round "9.217"]
[White "French, Max"]
[Black "Keen, Cosima C"]
[Result "1/2-1/2"]
[WhiteElo "1930"]
[BlackElo "1930"]
[PlyCount "70"]
[EventDate "2015.11.14"]
[EventType "team-swiss"]
[EventRounds "11"]
[EventCountry "ENG"]
[SourceTitle "EXT 2017"]
[Source "ChessBase"]
[SourceDate "2016.10.25"]
[SourceVersion "1"]
[SourceVersionDate "2016.10.25"]
[SourceQuality "1"]
[WhiteTeam "Downend & Fishponds"]
[BlackTeam "Barbican Youth"]
[WhiteTeamCountry "ENG"]
[BlackTeamCountry "ENG"]

1. d4 d5 2. c4 e6 3. Nc3 Nf6 4. cxd5 exd5 5. Bg5 c6 6. e3 Bd6 7. Bd3 h6 8. Bh4 0-0 9. Nf3 Re8 10. 0-0 Nbd7 11. Rc1 Be7 12. Bg3 a6 13. Nh4 Ne4 14. Nf5 Nxg3 15. Nxe7+ Qxe7 16. hxg3 Nf6 17. Re1 Ne4 18. Nxe4 dxe4 19. Bc4 Be6 20. Qb3 Bxc4 21. Qxc4 Red8 22. b4 Rd5 23. a4 h5 24. Qb3 Qg5 25. Rc5 Rad8 26. Rec1 h4 27. gxh4 Qxh4 28. Rxd5 Rxd5 29. Rc5 Rd6 30. Rf5 Rh6 31. Qxf7+ Kh7 32. Kf1 Qh1+ 33. Ke2 Qb1 34. Rh5 Qc2+ 35. Ke1 Qc1+ 1/2-1/2

[Event "London Classic CSC op 7th"]
[Site "London"]
[Date "2015.12.06"]
[Round "4"]
[White "Pedersen, Carsten"]
[Black "Keen, Cosima C"]
[Result "1-0"]
[WhiteElo "2154"]
[BlackElo "1900"]
[PlyCount "61"]
[EventDate "2015.12.04"]
[EventType "swiss"]
[EventRounds "5"]
[EventCountry "ENG"]
[SourceTitle "CBM 169 Extra"]
[Source "ChessBase"]
[SourceDate "2015.12.18"]
[SourceVersion "1"]
[SourceVersionDate "2015.12.18"]
[SourceQuality "1"]

1. e4 c6 2. d4 d5 3. Nc3 dxe4 4. Nxe4 Bf5 5. Ng3 Bg6 6. N1e2 h6 7. Nf4 Bh7 8. Bc4 Nf6 9. 0-0 Nbd7 10. Re1 Nb6 11. Bb3 Nbd5 12. Nxd5 Nxd5 13. c4 Nf6 14. d5 Rc8 15. Qf3 Qa5 16. Bxh6 Be4 17. Nxe4 Nxe4 18. Bf4 Nc5 19. Bc2 cxd5 20. cxd5 g6 21. Be5 Rh5 22. Qg4 Kd8 23. b4 Qa3 24. bxc5 Rxe5 25. Rxe5 Qc3 26. Ree1 Qxc2 27. Rac1 Qxa2 28. d6 e6 29. Qf3 f5 30. Qxb7 Qd2 31. c6 1-0

[Event "London Classic CSC op 7th"]
[Site "London"]
[Date "2015.12.05"]
[Round "3"]
[White "Mueller, Martin"]
[Black "Keen, Cosima C"]
[Result "0-1"]
[WhiteElo "2099"]
[BlackElo "1900"]
[PlyCount "92"]
[EventDate "2015.12.04"]
[EventType "swiss"]
[EventRounds "5"]
[EventCountry "ENG"]
[SourceTitle "CBM 169 Extra"]
[Source "ChessBase"]
[SourceDate "2015.12.18"]
[SourceVersion "1"]
[SourceVersionDate "2015.12.18"]
[SourceQuality "1"]

1. d4 d5 2. c4 e6 3. Nc3 Nf6 4. cxd5 exd5 5. Bg5 Be7 6. Qc2 0-0 7. e3 c6 8. Bd3 h6 9. Bh4 Re8 10. Nge2 Ne4 11. Bxe7 Qxe7 12. 0-0 f5 13. Rae1 Nd7 14. Nf4 Ndf6 15. f3 Nd6 16. Ng6 Qf7 17. Ne5 Qh5 18. Ne2 Qg5 19. Nf4 Nh5 20. Nxh5 Qxh5 21. b4 Nf7 22. f4 Nd6 23. Nxc6 bxc6 24. Qxc6 Nb7 25. Qxd5+ Qf7 26. Qxf7+ Kxf7 27. Kf2 Nd6 28. Rc1 Be6 29. Rc6 Nc8 30. Rc5 g6 31. Bb5 Re7 32. Bc6 Rb8 33. d5 Bd7 34. d6 Nxd6 35. Rd1 Bxc6 36. Rxd6 Be4 37. a3 Rbb7 38. g3 Rbd7 39. Rd4 Rc7 40. Rdc4 Rb7 41. Rd4 Rb6 42. Rc8 Rc6 43. Rh8 Rc2+ 44. Kf1 Rxh2 45. Rd6 Kg7 46. Rb8 Rc7 0-1

[Event "BCF-chT2a 1516 (4NCL)"]
[Site "England"]
[Date "2015.11.14"]
[Round "1.238"]
[White "Zhang, Harvey Y"]
[Black "Keen, Cosima C"]
[Result "1/2-1/2"]
[WhiteElo "1704"]
[BlackElo "1906"]
[PlyCount "61"]
[EventDate "2015.11.14"]
[EventType "team-tourn"]
[EventRounds "7"]
[EventCountry "ENG"]
[SourceTitle "CBM 169 Extra"]
[Source "ChessBase"]
[SourceDate "2015.12.18"]
[SourceVersion "1"]
[SourceVersionDate "2015.12.18"]
[SourceQuality "1"]
[WhiteTeam "Kings Head"]
[BlackTeam "Barbican Youth"]
[WhiteTeamCountry "ENG"]
[BlackTeamCountry "ENG"]

1. d4 d5 2. Nf3 Nf6 3. c4 e6 4. Nc3 Be7 5. Bf4 a6 6. e3 0-0 7. Bd3 dxc4 8. Bxc4 b5 9. Bd3 Bb7 10. 0-0 Nbd7 11. Ne5 c5 12. Nxd7 Qxd7 13. Be5 Rfd8 14. Be2 b4 15. Na4 cxd4 16. Bxd4 e5 17. Nb6 Qd6 18. Nxa8 exd4 19. Bf3 Bxa8 20. Bxa8 Rxa8 21. Qxd4 Qe6 22. a3 Rd8 23. Qa7 b3 24. Rad1 Rxd1 25. Rxd1 h6 26. Rd3 Qf5 27. Qb8+ Kh7 28. Qxb3 Ne4 29. f3 Nc5 30. Rd5 Nxb3 31. Rxf5 1/2-1/2

[Event "EU-Cup (Women) 20th"]
[Site "Skopje"]
[Date "2015.10.20"]
[Round "3.4"]
[White "Keen, Cosima C"]
[Black "Lian, Marina"]
[Result "1/2-1/2"]
[WhiteElo "1986"]
[BlackElo "1858"]
[PlyCount "99"]
[EventDate "2015.10.18"]
[EventType "team-swiss"]
[EventRounds "7"]
[EventCountry "MKD"]
[SourceTitle "CBM 168 Extra"]
[Source "ChessBase"]
[SourceDate "2015.10.29"]
[SourceVersion "1"]
[SourceVersionDate "2015.10.29"]
[SourceQuality "1"]
[WhiteTeam "Midland Monarchs (W)"]
[BlackTeam "Herzliya (W)"]
[WhiteTeamCountry "ENG"]
[BlackTeamCountry "ISR"]

1. e4 e6 2. d4 d5 3. Nd2 c5 4. exd5 exd5 5. Ngf3 Nc6 6. Bb5 Bd6 7. dxc5 Bxc5 8. Nb3 Bd6 9. 0-0 Nge7 10. Re1 0-0 11. c3 Bg4 12. Bd3 Ng6 13. Bxg6 hxg6 14. h3 Bf5 15. Nfd4 Be4 16. f3 Bf5 17. Nxf5 gxf5 18. Kh1 Qh4 19. Be3 Qg3 20. Bg1 Rfe8 21. Re2 Rad8 22. Nd2 Bc7 23. Nf1 Qg5 24. Rxe8+ Rxe8 25. Qd3 Ne5 26. Qxd5 Ng6 27. Qxb7 Re2 28. f4 Nxf4 29. g3 Qh5 30. h4 Nh3 31. Ne3 Bxg3 32. Qc8+ Kh7 33. Qxf5+ Qxf5 34. Nxf5 Be5 35. Nd4 Rxb2 36. a4 Kg6 37. Re1 Bd6 38. Nb5 Bb8 39. Re3 a6 40. Nd4 Nxg1 41. Kxg1 Ra2 42. Nc6 Bd6 43. Re4 f5 44. Re6+ Kh5 45. Rxd6 Rxa4 46. Rd4 Ra3 47. c4 a5 48. c5 Rc3 49. Rd5 a4 50. Rxf5+ 1/2-1/2

[Event "Politiken Cup 37th"]
[Site "Helsingor"]
[Date "2015.08.01"]
[Round "9"]
[White "Petersson, Baldur Teodor"]
[Black "Keen, Cosima C"]
[Result "1-0"]
[WhiteElo "1988"]
[BlackElo "1821"]
[PlyCount "95"]
[EventDate "2015.07.25"]
[EventType "swiss"]
[EventRounds "10"]
[EventCountry "DEN"]
[SourceTitle "CBM 167 Extra"]
[Source "ChessBase"]
[SourceDate "2015.09.14"]
[SourceVersion "1"]
[SourceVersionDate "2015.09.14"]
[SourceQuality "1"]

1. e4 c6 2. d4 d5 3. Nc3 dxe4 4. Nxe4 Bf5 5. Ng3 Bg6 6. h4 h6 7. h5 Bh7 8. Nf3 Nd7 9. Bd3 Bxd3 10. Qxd3 e6 11. Bf4 Qa5+ 12. Bd2 Bb4 13. Ne4 Ngf6 14. Nd6+ Ke7 15. Nxb7 Bxd2+ 16. Nxd2 Qb4 17. Qa3 Qxa3 18. bxa3 Rab8 19. Rb1 Rhc8 20. Ke2 Nd5 21. Kf3 Nc3 22. Rb4 Rc7 23. Rc4 Nb5 24. Na5 Nb6 25. Rb4 Nxa3 26. Rc1 Rd8 27. c3 Rd5 28. Ndb3 Rf5+ 29. Ke2 Nd5 30. Ra4 Nb5 31. Rc4 Nf4+ 32. Kf1 Nd3 33. Rc2 Na3 34. Rxc6 Nxc2 35. Rxc7+ Kd8 36. Rxa7 Rxf2+ 37. Kg1 Ne3 38. Nc6+ Ke8 39. Ra8+ Kd7 40. Ne5+ Kd6 41. Nxd3 Rxg2+ 42. Kh1 Rg4 43. Ne5 Rh4+ 44. Kg1 f6 45. Ra6+ Kd5 46. Ng6 Rg4+ 47. Kf2 Nf5 48. Nd2 1-0

[Event "Politiken Cup 37th"]
[Site "Helsingor"]
[Date "2015.07.31"]
[Round "8"]
[White "Rosell, Sven"]
[Black "Keen, Cosima C"]
[Result "1-0"]
[WhiteElo "1995"]
[BlackElo "1821"]
[PlyCount "57"]
[EventDate "2015.07.25"]
[EventType "swiss"]
[EventRounds "10"]
[EventCountry "DEN"]
[SourceTitle "CBM 167 Extra"]
[Source "ChessBase"]
[SourceDate "2015.09.14"]
[SourceVersion "1"]
[SourceVersionDate "2015.09.14"]
[SourceQuality "1"]

1. c4 e6 2. Nf3 d5 3. g3 Nf6 4. Bg2 Be7 5. 0-0 0-0 6. b3 a5 7. Bb2 a4 8. d3 a3 9. Bc3 Nc6 10. e3 Re8 11. Qe2 Bf8 12. Ne5 Nxe5 13. Bxe5 c5 14. Nd2 Nd7 15. Bc3 Nb8 16. Nf3 Nc6 17. h4 Be7 18. Rfd1 d4 19. exd4 cxd4 20. Bd2 e5 21. Ne1 Bd7 22. Nc2 Qc7 23. b4 Ra4 24. Rab1 b6 25. Bd5 Bf5 26. Qf3 Qc8 27. Bxc6 Bg4 28. Qg2 Bxd1 29. Rxd1 1-0

[Event "Politiken Cup 37th"]
[Site "Helsingor"]
[Date "2015.07.25"]
[Round "1"]
[White "Smith, Thijmen"]
[Black "Keen, Cosima C"]
[Result "1-0"]
[WhiteElo "2252"]
[BlackElo "1821"]
[PlyCount "39"]
[EventDate "2015.07.25"]
[EventType "swiss"]
[EventRounds "10"]
[EventCountry "DEN"]
[SourceTitle "CBM 167 Extra"]
[Source "ChessBase"]
[SourceDate "2015.09.14"]
[SourceVersion "1"]
[SourceVersionDate "2015.09.14"]
[SourceQuality "1"]

1. e4 c6 2. d4 d5 3. exd5 cxd5 4. c4 Nf6 5. Nc3 e6 6. Nf3 Be7 7. cxd5 Nxd5 8. Bd3 0-0 9. 0-0 b6 10. Nxd5 Qxd5 11. Re1 Bb7 12. Be4 Qd7 13. Ne5 Qc8 14. Bd3 Nd7 15. Qh5 Nf6 16. Qh3 Ba6 17. Bb1 Bb4 18. Bg5 h6 19. Bxf6 Bxe1 20. Qg4 1-0

[Event "BCF-chT2c 1415 (4NCL)"]
[Site "England"]
[Date "2015.03.29"]
[Round "8.248"]
[White "Keen, Cosima C"]
[Black "Golding, Alex"]
[Result "1-0"]
[WhiteElo "1799"]
[BlackElo "2050"]
[PlyCount "139"]
[EventDate "2015.03.29"]
[EventType "team-tourn"]
[EventRounds "11"]
[EventCountry "ENG"]
[SourceTitle "EXT 2016"]
[Source "ChessBase"]
[SourceDate "2015.10.08"]
[SourceVersion "1"]
[SourceVersionDate "2015.10.08"]
[SourceQuality "1"]
[WhiteTeam "Barbican Youth"]
[BlackTeam "Guildford III"]
[WhiteTeamCountry "ENG"]
[BlackTeamCountry "ENG"]

1. d4 Nf6 2. Nf3 d6 3. Bg5 Nbd7 4. e3 h6 5. Bh4 c6 6. c4 e5 7. Nc3 Be7 8. Bxf6 Bxf6 9. Bd3 exd4 10. exd4 Qe7+ 11. Qe2 Qxe2+ 12. Kxe2 0-0 13. Rhe1 Nb6 14. Kf1 Be6 15. b3 d5 16. c5 Nd7 17. Rac1 Bg4 18. Ne2 Rfe8 19. h3 Bxf3 20. gxf3 Nf8 21. Rcd1 Ne6 22. Bf5 Nc7 23. a4 Na6 24. f4 Nb4 25. Ng1 Rxe1+ 26. Kxe1 Re8+ 27. Kf1 Na2 28. Nf3 g6 29. Bc2 Nb4 30. Bb1 a5 31. Ne5 Bxe5 32. fxe5 Na6 33. f4 Rb8 34. Bd3 Nc7 35. Ke2 Ne6 36. Ke3 Ng7 37. Rg1 Kf8 38. b4 axb4 39. Rb1 Ke7 40. Rxb4 Kd7 41. a5 Kc7 42. Rb3 Ra8 43. Ra3 h5 44. Kf3 Ne6 45. Ra4 Rg8 46. Ke3 h4 47. Ra1 g5 48. f5 Nf4 49. Bf1 Nh5 50. Kf3 Ng3 51. Bd3 Nh5 52. Rb1 Nf4 53. Bf1 Ra8 54. Ra1 Rg8 55. Kg4 Rg7 56. Rb1 Rg8 57. a6 bxa6 58. Bxa6 Rb8 59. Rxb8 Kxb8 60. Bf1 Kc7 61. Kxg5 Nxh3+ 62. Bxh3 Kd7 63. f6+ Ke8 64. Kxh4 Kf8 65. Bd7 Kg8 66. Bxc6 Kf8 67. Bxd5 Ke8 68. Kg5 Kd7 69. Bxf7 Kc7 70. e6 1-0

[Event "BCF-chT2b 1415 (4NCL)"]
[Site "England"]
[Date "2015.01.10"]
[Round "3.1"]
[White "Gilfillan, Andrew"]
[Black "Keen, Cosima C"]
[Result "1-0"]
[WhiteElo "1966"]
[BlackElo "1805"]
[PlyCount "65"]
[EventDate "2014.11.15"]
[EventType "team-tourn"]
[EventRounds "7"]
[EventCountry "ENG"]
[SourceTitle "EXT 2016"]
[Source "ChessBase"]
[SourceDate "2015.10.08"]
[SourceVersion "1"]
[SourceVersionDate "2015.10.08"]
[SourceQuality "1"]
[WhiteTeam "Kings Head"]
[BlackTeam "Barbican Youth"]
[WhiteTeamCountry "ENG"]
[BlackTeamCountry "ENG"]

1. c4 e6 2. Nc3 d5 3. d4 Nf6 4. Bg5 Be7 5. e3 0-0 6. Nf3 a6 7. Rc1 Re8 8. Bd3 dxc4 9. Bxc4 b5 10. Bd3 Bb7 11. 0-0 Nbd7 12. Bb1 Rc8 13. Re1 c5 14. e4 cxd4 15. Qxd4 Bc5 16. Qd3 h6 17. Bh4 g5 18. Bg3 Nf8 19. Qe2 Qa5 20. e5 Nd5 21. Ne4 Bb4 22. Red1 Rxc1 23. Rxc1 Rc8 24. Rxc8 Bxc8 25. h4 gxh4 26. Nxh4 Nd7 27. Nd6 Bxd6 28. exd6 N7b6 29. Nf3 Bb7 30. Ne5 Qb4 31. d7 Qe7 32. Qe3 Nb4 33. d8Q+ 1-0

[Event "BCF-chT2b 1415 (4NCL)"]
[Site "England"]
[Date "2014.11.16"]
[Round "2.32"]
[White "Keen, Cosima C"]
[Black "Zhou, Yang Jian"]
[Result "1/2-1/2"]
[WhiteElo "1821"]
[BlackElo "1810"]
[PlyCount "78"]
[EventDate "2014.11.15"]
[EventType "team-tourn"]
[EventRounds "7"]
[EventCountry "ENG"]
[SourceTitle "CBM 163 Extra"]
[Source "ChessBase"]
[SourceDate "2014.12.23"]
[SourceVersion "1"]
[SourceVersionDate "2014.12.23"]
[SourceQuality "1"]
[WhiteTeam "Barbican Youth"]
[BlackTeam "Wessex"]
[WhiteTeamCountry "ENG"]
[BlackTeamCountry "ENG"]

1. d4 Nf6 2. Nf3 g6 3. Bf4 Bg7 4. e3 d6 5. h3 b6 6. Be2 Bb7 7. 0-0 0-0 8. Re1 Nbd7 9. c4 Re8 10. Nc3 Ne4 11. Nxe4 Bxe4 12. Nd2 Bb7 13. Bf3 Qc8 14. Qa4 Bxf3 15. Nxf3 e5 16. Bh2 c5 17. dxe5 Nxe5 18. Nxe5 dxe5 19. Rad1 Rd8 20. Rxd8+ Qxd8 21. Rd1 Qh4 22. Qc6 Rd8 23. Rd5 Qe7 24. b3 Kf8 25. Kf1 f5 26. Bg3 Bf6 27. a4 g5 28. a5 f4 29. exf4 exf4 30. Bh2 Re8 31. Qd6 Qxd6 32. Rxd6 Bc3 33. g3 fxg3 34. Bxg3 Bxa5 35. Rd7 Re1+ 36. Kg2 Kg8 37. Rxa7 h6 38. Rd7 Rb1 39. Rd3 Kf7 1/2-1/2

[Event "BCF-chT2b 1415 (4NCL)"]
[Site "England"]
[Date "2014.11.15"]
[Round "1.78"]
[White "Head, Louise"]
[Black "Keen, Cosima C"]
[Result "1-0"]
[WhiteElo "1902"]
[BlackElo "1821"]
[PlyCount "71"]
[EventDate "2014.11.15"]
[EventType "team-tourn"]
[EventRounds "7"]
[EventCountry "ENG"]
[SourceTitle "CBM 163 Extra"]
[Source "ChessBase"]
[SourceDate "2014.12.23"]
[SourceVersion "1"]
[SourceVersionDate "2014.12.23"]
[SourceQuality "1"]
[WhiteTeam "BCM Dragons"]
[BlackTeam "Barbican Youth"]
[WhiteTeamCountry "ENG"]
[BlackTeamCountry "ENG"]

1. d4 Nf6 2. c4 e6 3. Nf3 b6 4. a3 d5 5. cxd5 exd5 6. Nc3 Be7 7. Bg5 0-0 8. e3 Bb7 9. Bd3 Nbd7 10. 0-0 c5 11. Rc1 Rc8 12. Bf5 Ne8 13. Ne5 Nxe5 14. Bxe7 Qxe7 15. Bxc8 Bxc8 16. Nxd5 Qe6 17. Nf4 Qd6 18. dxe5 Qxe5 19. b4 Ba6 20. Re1 cxb4 21. axb4 Qb5 22. Nd5 Bb7 23. e4 Bxd5 24. exd5 Qxb4 25. Rc8 Nd6 26. Rxf8+ Kxf8 27. Qe2 g6 28. Qe5 Kg8 29. h4 h5 30. Rc1 Kh7 31. Rc6 Nf5 32. Rc8 Ng7 33. d6 Qg4 34. Rc7 Qd1+ 35. Kh2 Qb3 36. d7 1-0

[Event "EU-ch U16 Girls 24th"]
[Site "Batumi"]
[Date "2014.10.23"]
[Round "5"]
[White "Keen, Cosima C"]
[Black "Agun, Lutfiye Selva"]
[Result "1/2-1/2"]
[WhiteElo "1831"]
[BlackElo "1516"]
[PlyCount "83"]
[EventDate "2014.10.19"]
[EventType "swiss"]
[EventRounds "9"]
[EventCountry "GEO"]
[SourceTitle "EXT 2015"]
[Source "ChessBase"]
[SourceDate "2014.11.20"]
[SourceVersion "1"]
[SourceVersionDate "2014.11.20"]
[SourceQuality "1"]

1. d4 Nf6 2. Nf3 e6 3. c4 d5 4. Nc3 c5 5. Bf4 Bd6 6. Bxd6 Qxd6 7. dxc5 Qxc5 8. cxd5 exd5 9. Rc1 0-0 10. e3 Qa5 11. Bd3 Bg4 12. 0-0 Nbd7 13. Be2 Rad8 14. Qd4 a6 15. Rfd1 Nb8 16. h3 Be6 17. b4 Qa3 18. Ne5 a5 19. Rb1 axb4 20. Rxb4 Nc6 21. Nxc6 bxc6 22. Rdb1 c5 23. Qxc5 Rc8 24. Qd4 Qxc3 25. Qxc3 Rxc3 26. a4 Ra3 27. Bb5 Ne4 28. Bc6 g6 29. R1b3 Rxb3 30. Rxb3 Nc5 31. Rc3 Ne4 32. Rb3 Rc8 33. Rb6 Rc7 34. a5 Ra7 35. a6 Nc5 36. Bb7 Kf8 37. Kf1 Ke7 38. Ke2 Kd7 39. f3 Bf5 40. Bxd5 Rxa6 41. Rxa6 Nxa6 42. Bxf7 1/2-1/2

[Event "EU-ch U16 Girls 24th"]
[Site "Batumi"]
[Date "2014.10.21"]
[Round "3"]
[White "Keen, Cosima C"]
[Black "Santeramo, Alessia Carmen"]
[Result "0-1"]
[WhiteElo "1831"]
[BlackElo "2217"]
[PlyCount "60"]
[EventDate "2014.10.19"]
[EventType "swiss"]
[EventRounds "9"]
[EventCountry "GEO"]
[SourceTitle "EXT 2015"]
[Source "ChessBase"]
[SourceDate "2014.11.20"]
[SourceVersion "1"]
[SourceVersionDate "2014.11.20"]
[SourceQuality "1"]

1. d4 Nf6 2. Nf3 e6 3. Nc3 c5 4. d5 d6 5. e4 e5 6. h3 Be7 7. Bd3 Nbd7 8. 0-0 a6 9. a4 Nf8 10. a5 Ng6 11. Ne2 c4 12. Bxc4 Nxe4 13. b4 Bd7 14. Qd3 f5 15. Bb3 0-0 16. Be3 Kh8 17. Nd2 Nxd2 18. Qxd2 f4 19. Bb6 Qe8 20. f3 Nh4 21. Rf2 Qh5 22. Kh2 Rf6 23. Ng1 Rh6 24. Rd1 Rc8 25. Qe2 Nxg2 26. Qd3 Bxh3 27. Qd2 Ne3 28. Bxe3 Bf1+ 29. Nh3 Qxh3+ 30. Kg1 Qh1# 0-1

[Event "EU-ch U16 Girls 24th"]
[Site "Batumi"]
[Date "2014.10.20"]
[Round "2"]
[White "Nadzamova, Rebeka"]
[Black "Keen, Cosima C"]
[Result "0-1"]
[WhiteElo "1608"]
[BlackElo "1831"]
[PlyCount "56"]
[EventDate "2014.10.19"]
[EventType "swiss"]
[EventRounds "9"]
[EventCountry "GEO"]
[SourceTitle "EXT 2015"]
[Source "ChessBase"]
[SourceDate "2014.11.20"]
[SourceVersion "1"]
[SourceVersionDate "2014.11.20"]
[SourceQuality "1"]

1. e4 c6 2. d4 d5 3. e5 Bf5 4. Nf3 e6 5. Be2 Bg6 6. 0-0 Nh6 7. Bg5 Qb6 8. b3 Nf5 9. c3 Nd7 10. Nh4 Nxh4 11. Bxh4 c5 12. Bg5 cxd4 13. cxd4 Rc8 14. Qd2 Rc2 15. Qe3 Rxe2 16. Qxe2 Qxd4 17. Rc1 Bc5 18. Nd2 0-0 19. Nf3 Qg4 20. h3 Qh5 21. Be3 Ba3 22. Rc7 Nxe5 23. Rxb7 a5 24. g4 Nxf3+ 25. Qxf3 Qe5 26. Rd1 Bc2 27. Rd2 Be4 28. Qf4 Qa1+ 0-1